Vista normal
Vista MARC
Entrada Nombre de reunión
Número de registros utilizados en: 1
001 - NÚMERO DE CONTROL
- campo de control: 26180
003 - IDENTIFICADOR DEL NÚMERO DE CONTROL
- campo de control: OSt
005 - FECHA Y HORA DE LA ÚLTIMA TRANSACCIÓN
- campo de control: 20200615033028.0
008 - DATOS DE LONGITUD FIJA
- campo de control de longitud fija: 200615|| aca||aabn | a|a d
040 ## - FUENTE DE LA CATALOGACIÓN
- Centro catalogador/agencia de origen: OSt
- Centro/agencia transcriptor: OSt
111 ## - ENCABEZAMIENTO--NOMBRE DE CONGRESO/REUNIÓN
- Nombre de congreso/reunión o jurisdicción como elemento de entrada: Symposium para Evaluación y Defensa de los Recursos Naturales de la República Dominicana
- Número del congreso/reunión o número de parte o sección: (1:
- Fecha del congreso/reunión: 1958 :
- Sede del congreso/Lugar de la reunión: Ciudad Trujillo, República Dominicana)
670 ## - FUENTE DE DATOS ENCONTRADOS
- Cita de la fuente: Work cat.: (OSt)10604: Symposium para Evaluación y Defensa de los Recursos Naturales de la República Dominicana (1: 1958 : Ciudad Trujillo, República Dominicana), Acta final del primer symposium para evaluación y defensa de los recursos naturales de la República Dominicana., 1959.
